Khi nào: Bí mật khoa học của thời điểm hoàn hảo When: The scientific secrets of perfect timing

Tìm hiểu trải nghiệm của con người về tri giác thời gian và giải mã bí mật khi nào là thời điểm hoàn hảo nhất nên bắt đầu công việc trong ngày; hướng dẫn mọi người cách sử dụng thời gian một cách hợp lý để tận dụng được mỗi phút...

Täydet tiedot

Tallennettuna:
Bibliografiset tiedot
Päätekijä: Pink, Daniel H
Muut tekijät: Mai Hữu Vinh
Aineistotyyppi: Kirja
Kieli:Undetermined
Julkaistu: H. Thanh niên 2019
Aiheet:
Linkit:http://lrc.tdmu.edu.vn/opac/search/detail.asp?aID=2&ID=41362
Tagit: Lisää tagi
Ei tageja, Lisää ensimmäinen tagi!
Thư viện lưu trữ: Trung tâm Học liệu Trường Đại học Thủ Dầu Một
LEADER 01295nam a2200229Ia 4500
001 TDMU_41362
008 210410s9999 xx 000 0 und d
082 |a 650.1 
090 |b P312 
100 |a Pink, Daniel H 
245 0 |a Khi nào: Bí mật khoa học của thời điểm hoàn hảo 
245 0 |b When: The scientific secrets of perfect timing 
245 0 |c Daniel H. Pink; Mai Hữu Vinh dịch 
260 |a H. 
260 |b Thanh niên 
260 |c 2019 
300 |a 322tr. 
520 |a Tìm hiểu trải nghiệm của con người về tri giác thời gian và giải mã bí mật khi nào là thời điểm hoàn hảo nhất nên bắt đầu công việc trong ngày; hướng dẫn mọi người cách sử dụng thời gian một cách hợp lý để tận dụng được mỗi phút giây trong cuộc sống: từ khởi đầu, kết thúc và giai đoạn giữa, đồng bộ hoá và tư duy; Thư mục: tr. 270-272 
650 |a Tâm lí học  |x Tri giác thời giác 
700 |a Mai Hữu Vinh 
856 |u http://lrc.tdmu.edu.vn/opac/search/detail.asp?aID=2&ID=41362 
980 |a Trung tâm Học liệu Trường Đại học Thủ Dầu Một